书目信息 |
| 题名: |
建筑施工测量百问
|
|
| 作者: | 王光遐 主编 | |
| 分册: | ||
| 出版信息: | 北京 中国建筑工业出版社 2003.05 |
|
| 页数: | 228页 | |
| 开本: | 20cm | |
| 丛书名: | 工程建设百问丛书 | |
| 单 册: | ||
| 中图分类: | TU198-44 | |
| 科图分类: | ||
| 主题词: | 建筑测量 , 建筑测量--建筑制图 | |
| 电子资源: | ||
| ISBN: | 7-112-05697-7 | |
| 000 | 00675nam0 2200229 45 | |
| 001 | 0436341667 | |
| 005 | 20050112150016.38 | |
| 010 | @a7-112-05697-7@dCNY 15.00 | |
| 100 | @a20040426d2003 km y0chiy0120 ea | |
| 101 | 0 | @achi |
| 102 | @aCN@b110000 | |
| 200 | 1 | @a建筑施工测量百问@Ajian zhu shi gong ce liang bai wen@f王光遐主编@Fwang guang xia zhu bian |
| 210 | @a北京@c中国建筑工业出版社@d2003.05 | |
| 215 | @a228页@d20cm | |
| 225 | 2 | @a工程建设百问丛书 |
| 410 | 0 | @12001 @a工程建设百问丛书 |
| 606 | 0 | @a建筑测量 |
| 606 | 0 | @a建筑测量@x建筑制图 |
| 690 | @aTU198-44@v3 | |
| 701 | 0 | @a王光遐@Awang guang xia@4主编 |
| 801 | 0 | @aCN@bPFT@c20050112 |
| 905 | @dTU198-44@eW190 | |
| 建筑施工测量百问/王光遐主编.-北京:中国建筑工业出版社,2003.05 |
| 228页;20cm.-(工程建设百问丛书) |
| ISBN 7-112-05697-7:CNY 15.00 |
| ● |
| 相关链接 |
|
|
|
正题名:建筑施工测量百问
索取号:TU198-44/W190
 
预约/预借
| 序号 | 登录号 | 条形码 | 馆藏地/架位号 | 状态 | 备注 |
| 1 | 391866 | 203918662 | 能源与建筑环境工程学院资料室/101建筑库 7排2列4层/ [索取号:TU198-44/W190] | 在馆 | |
| 2 | 391867 | 203918671 | 能源与建筑环境工程学院资料室/101建筑库 7排2列4层/ [索取号:TU198-44/W190] | 在馆 | |
| 3 | 430188 | 204301889 | 建筑库101/101建筑库 29排2列5层/ [索取号:TU198-44/W190] | 在馆 | |
| 4 | 430189 | 204301898 | 能源与建筑环境工程学院资料室/101建筑库 7排2列4层/ [索取号:TU198-44/W190] | 在馆 | |
| 5 | 430190 | 204301905 | 能源与建筑环境工程学院资料室/101建筑库 7排2列4层/ [索取号:TU198-44/W190] | 在馆 | |
| 6 | 430191 | 204301914 | 建筑库101/101建筑库 29排2列5层/ [索取号:TU198-44/W190] | 在馆 | |
| 7 | 430192 | 204301923 | 能源与建筑环境工程学院资料室/101建筑库 7排2列4层/ [索取号:TU198-44/W190] | 在馆 | |
| 8 | 430193 | 204301932 | 建筑库101/101建筑库 29排2列5层/ [索取号:TU198-44/W190] | 在馆 | |
| 9 | 430194 | 204301941 | 建筑库101/101建筑库 29排2列5层/ [索取号:TU198-44/W190] | 在馆 | |
| 10 | 430195 | 204301950 | 能源与建筑环境工程学院资料室/101建筑库 7排2列4层/ [索取号:TU198-44/W190] | 在馆 | |
| 11 | 436450 | 204364507 | 建筑库101/101建筑库 29排2列5层/ [索取号:TU198-44/W190] | 在馆 | |
| 12 | 436451 | 204364516 | 能源与建筑环境工程学院资料室/101建筑库 7排2列4层/ [索取号:TU198-44/W190] | 在馆 | |
| 13 | 436452 | 204364525 | 自科二线404/404自科库 10排1列5层/ [索取号:TU198-44/W190] | 在馆 |